Statistics for Country Flag Color Tile Select Quiz

Click here to take the quiz!

General Stats

  • This quiz has been taken 10 times
  • The average score is 38 of 45

Answer Stats

QuestionTileSelect% Correct
yellowBarbadosYes
100%
yellowJordanNo
100%
blueLebanonNo
100%
yellowOmanNo
100%
yellowPalauYes
100%
blueUruguayYes
100%
whiteAngolaNo
89%
blackAntigua and BarbudaYes
89%
whiteBangladeshNo
89%
whiteCanadaYes
89%
greenComorosYes
89%
blueCubaYes
89%
blueDenmarkNo
89%
yellowEcuadorYes
89%
greenEquatorial GuineaYes
89%
blueFijiYes
89%
greenGuyanaYes
89%
yellowIcelandNo
89%
greenIrelandYes
89%
blackJapanNo
89%
blackLaosNo
89%
blueLibyaNo
89%
greenMalaysiaNo
89%
whiteMexicoYes
89%
blueMozambiqueNo
89%
greenPapua New GuineaNo
89%
blueSloveniaYes
89%
yellowSwedenYes
89%
blueUnited KingdomYes
89%
greenVenezuelaNo
89%
blackBotswanaYes
78%
blackGreeceNo
78%
whiteNew ZealandYes
78%
whiteRomaniaNo
78%
yellowSaint LuciaYes
78%
blackTunisiaNo
78%
greenTurkmenistanYes
78%
whiteUkraineNo
78%
blackAlbaniaYes
67%
blackGambiaNo
67%
whiteIndiaYes
67%
yellowPeruNo
67%
whiteKiribatiYes
56%
blackLesothoYes
56%
greenVanuatuYes
44%

Score Distribution

Percentile by Number Answered

Percent of People with Each Score

Your Score History

You have not taken this quiz